000 00364nam a2200145Ia 4500
999 _c13964
_d13964
003 OSt
005 20260309163829.0
008 260210s9999 xx 000 0 und d
020 _a9781682867310
100 _aSchindler
245 0 _aAir Quality: Measurement, Analysis and Monitoring Techniques
260 _bSyrawood
_c2019
300 _a200p.,
942 _cRD
_2ddc